Российско-французские отношения в контексте политического дискурса; Коммуникативные аспекты языка и культуры; Ч. 2

מידע ביבליוגרפי
Parent link:Коммуникативные аспекты языка и культуры: сборник материалов XII Международной научно-практической конференции студентов и молодых ученых, г. Томск, 16-18 мая 2012 г./ Национальный исследовательский Томский политехнический университет (ТПУ), Институт международного образования и языковой коммуникации (ИМОЯК) ; под ред. С. А. Песоцкой.— , 2012
Ч. 2.— 2012.— [С. 202-206]
מחבר ראשי: Орлова А. О.
מחבר תאגידי: Национальный исследовательский Томский политехнический университет (ТПУ) Институт международного образования и языковой коммуникации (ИМОЯК) Кафедра лингвистики и переводоведения (ЛиП)
מחברים אחרים: Ильинская Т. Н. Татьяна Николаевна (научный руководитель)
סיכום:Заглавие с титульного листа.
Электронная версия печатной публикации.
שפה:רוסית
יצא לאור: 2012
סדרה:Языковая и речевая коммуникация: дискурсы, жанры, стратегии
נושאים:
גישה מקוונת:http://www.lib.tpu.ru/fulltext/c/2012/C77/V2/053.pdf
פורמט: אלקטרוני Book Chapter
KOHA link:https://koha.lib.tpu.ru/cgi-bin/koha/opac-detail.pl?biblionumber=609279

MARC

LEADER 00000naa2a2200000 4500
001 609279
005 20231101132541.0
035 |a (RuTPU)RU\TPU\conf\6726 
035 |a RU\TPU\conf\6725 
090 |a 609279 
100 |a 20141031d2012 k y0rusy50 ca 
101 0 |a rus 
102 |a RU 
105 |a y z 100zy 
135 |a drgn ---uucaa 
181 0 |a i  
182 0 |a b 
200 1 |a Российско-французские отношения в контексте политического дискурса  |f А. О. Орлова  |g науч. рук. Т. Н. Ильинская 
203 |a Текст  |c электронный 
215 |a 1 файл (131 Кб) 
225 1 |a Языковая и речевая коммуникация: дискурсы, жанры, стратегии 
230 |a Электронные текстовые данные (1 файл : 131 Кб) 
300 |a Заглавие с титульного листа. 
300 |a Электронная версия печатной публикации. 
320 |a [Библиогр.: с. 205-206 (5 назв.)] 
337 |a Adobe Reader 
461 1 |0 (RuTPU)RU\TPU\conf\4597  |t Коммуникативные аспекты языка и культуры  |o сборник материалов XII Международной научно-практической конференции студентов и молодых ученых, г. Томск, 16-18 мая 2012 г.  |o в 3 ч.  |f Национальный исследовательский Томский политехнический университет (ТПУ), Институт международного образования и языковой коммуникации (ИМОЯК) ; под ред. С. А. Песоцкой  |d 2012 
463 1 |0 (RuTPU)RU\TPU\conf\4604  |t Ч. 2  |v [С. 202-206]  |d 2012 
610 1 |a электронный ресурс 
610 1 |a труды учёных ТПУ 
610 1 |a политический дискурс 
610 1 |a российско-французские отношения 
610 1 |a Россия 
610 1 |a Франция 
610 1 |a политические коммуникации 
700 1 |a Орлова  |b А. О. 
702 1 |a Ильинская  |b Т. Н.  |c российский лингвист  |c доцент Томского политехнического университета  |g Татьяна Николаевна  |2 stltpush  |4 727 
712 0 2 |a Национальный исследовательский Томский политехнический университет (ТПУ)  |b Институт международного образования и языковой коммуникации (ИМОЯК)  |b Кафедра лингвистики и переводоведения (ЛиП)  |h 3503  |2 stltpush  |3 (RuTPU)RU\TPU\col\18972 
801 1 |a RU  |b 63413507  |c 20140902 
801 2 |a RU  |b 63413507  |c 20160122  |g RCR 
856 4 |u http://www.lib.tpu.ru/fulltext/c/2012/C77/V2/053.pdf 
942 |c BK